Intergrácia Venezuely do zoskupenia MERCOSUR bakalárska práca

Saved in:
Bibliographic Details
Main Author: Hianiková, Martina
Corporate Author: Fakulta medzinárodných vzťahov EU. Katedra medzinárodných ekonomických vzťahov a hospodárskej diplomacie
Other Authors: Šabo, Marián
Format: Book
Language:Slovak
Published: Bratislava 2013
Tags: Add Tag
No Tags, Be the first to tag this record!

MARC

LEADER 00000nbm a2200000 4500
001 0172739
005 20161109112114.5
041 0 |a slo 
044 |a SK 
245 1 0 |a Intergrácia Venezuely do zoskupenia MERCOSUR  |b bakalárska práca  |c Martina Hianiková ; školiteľ: Marián Šabo 
264 1 |a Bratislava  |c 2013 
300 |a 67 s. 
100 1 |a Hianiková, Martina 
700 1 |a Šabo, Marián 
710 2 |a Fakulta medzinárodných vzťahov EU. Katedra medzinárodných ekonomických vzťahov a hospodárskej diplomacie